Some aspects of earthmoving machines as used in agriculture /

Bibliographic Details
Corporate Author: Food and Agriculture Organization of the United Nations
Format: Book
Language:English
Published: Rome : FAO, 1975.
Series:FAO agricultural services bulletin ; 27.
Subjects:

MARC

Tag First Indicator Second Indicator Subfields
LEADER 00000cam a2200000 a 4500
001 in00000071370
005 20151008062204.0
008 780531s1975 it a i00000 eng d
035 |a (OCoLC)03939299 
035 |9 AAJ9702AM 
040 |a TEU  |c TEU  |d OCL  |d m.c.  |d TXA  |d UtOrBLW 
049 |a TXAM  |c [1406836] 
090 |a TA725  |b .S6 
245 0 0 |a Some aspects of earthmoving machines as used in agriculture /  |c Food and Agriculture Organization of the United Nations. 
264 1 |a Rome :  |b FAO,  |c 1975. 
300 |a iii, 56 pages :  |b illustrations ;  |c 28 cm. 
336 |a text  |b txt  |2 rdacontent 
337 |a unmediated  |b n  |2 rdamedia 
338 |a volume  |b nc  |2 rdacarrier 
490 1 |a Agricultural services bulletin ;  |v no. 27 
650 0 |a Earthmoving machinery  |x Design and construction. 
650 0 |a Agricultural machinery  |x Design and construction. 
710 2 |a Food and Agriculture Organization of the United Nations. 
830 0 |a FAO agricultural services bulletin ;  |v 27. 
999 |a MARS 
999 f f |s c91d1383-c03a-3b29-a1a0-b892eeddaeee  |i 5792be1f-512d-3641-9fa0-36118944c9f2  |t 0 
952 f f |p ric  |a Texas A&M University  |b Rellis Campus  |c Joint Library Facility  |d Remote Storage  |t 0  |e TA725 .S6  |h Library of Congress classification  |i unmediated -- volume  |m A14806243881 
998 f f |a TA725 .S6  |t 0  |l Remote Storage